Теплофизические основы энергетических технологий: сборник статей V Всероссийской научной конференции с международным участием, 15-17 октября 2014 г., г. Томск

Podrobná bibliografie
Korporace: Теплофизические основы энергетических технологий, Национальный исследовательский Томский политехнический университет (ТПУ) Энергетический институт (ЭНИН)
Další autoři: Кузнецов Г. В. Гений Владимирович (редактор), Борисов Б. В. Борис Владимирович, Логинов В. С. Владимир Степанович, Бульба Е. Е. Елена Евгеньевна
Shrnutí:Заглавие с титульного экрана
Сборник содержит теоретические и практические работы, отражает аспекты консолидации возможностей и усилий научно-инженерного сообщества на инновационном направлении в решении теплофизических проблем технологий энергетического производства. Особое внимание уделено вопросам энергосбережения и эффективности технологий сжигания органического топ­лива, надежности и безопасности технологических систем теплоэнергетики. Рассмотрены вопросы технологии мониторинга взаимодействия объектов теп­лоэнергетики с окружающей средой, технологии переработки и утилизации техногенных отходов, а также энергосберегающие технологии транспортиров­ки, распределения и потребления тепловой энергии.Сборник предназначен для научных работников, аспирантов и специали­стов, работающих в области энергетики, а также для студентов вузов тепло­энергетического профиля.
Jazyk:ruština
Vydáno: Томск, Изд-во ТПУ, 2014
Témata:
On-line přístup:http://earchive.tpu.ru/handle/11683/23302
http://www.lib.tpu.ru/fulltext/c/2014/C02/C02.pdf
Médium: MixedMaterials Elektronický zdroj Kniha
KOHA link:https://koha.lib.tpu.ru/cgi-bin/koha/opac-detail.pl?biblionumber=613746

MARC

LEADER 00000nam0a2200000 4500
001 613746
005 20240125164431.0
035 |a (RuTPU)RU\TPU\conf\11903 
090 |a 613746 
100 |a 20150827d2014 k y0rusy50 ca 
101 0 |a rus 
102 |a RU 
105 |a a z 101zy 
135 |a drcn ---uucaa 
181 0 |a i  
182 0 |a b 
200 1 |a Теплофизические основы энергетических технологий  |e сборник статей V Всероссийской научной конференции с международным участием, 15-17 октября 2014 г., г. Томск  |f Национальный исследовательский Томский политехнический университет (ТПУ), Энергетический институт (ЭНИН) ; под ред. Г. В. Кузнецова [и др.] 
203 |a Текст  |c электронный 
210 |a Томск  |c Изд-во ТПУ  |d 2014 
300 |a Заглавие с титульного экрана 
330 |a Сборник содержит теоретические и практические работы, отражает аспекты консолидации возможностей и усилий научно-инженерного сообщества на инновационном направлении в решении теплофизических проблем технологий энергетического производства. Особое внимание уделено вопросам энергосбережения и эффективности технологий сжигания органического топ­лива, надежности и безопасности технологических систем теплоэнергетики. Рассмотрены вопросы технологии мониторинга взаимодействия объектов теп­лоэнергетики с окружающей средой, технологии переработки и утилизации техногенных отходов, а также энергосберегающие технологии транспортиров­ки, распределения и потребления тепловой энергии.Сборник предназначен для научных работников, аспирантов и специали­стов, работающих в области энергетики, а также для студентов вузов тепло­энергетического профиля. 
337 |a Adobe Reader 
606 1 |a Теплоэнергетика  |2 stltpush  |3 (RuTPU)RU\TPU\subj\59823  |9 77320 
610 1 |a материалы конференций 
610 1 |a теплофизика 
610 1 |a материалы докладов 
610 1 |a электронный ресурс 
610 1 |a энергетическое производство 
610 1 |a технология 
610 1 |a теплофизические проблемы 
610 1 |a энергосбережение 
610 1 |a органическое топливо 
610 1 |a сжигание 
610 1 |a теплоэнергетика 
610 1 |a технологические системы 
610 1 |a надежность 
610 1 |a безопасность 
610 1 |a окружающая среда 
610 1 |a техногенные отходы 
610 1 |a утилизация 
610 1 |a тепловая энергия 
610 1 |a транспортировка 
610 1 |a распределение 
610 1 |a потребление 
610 1 |a энергосберегающие технологии 
675 |a 621.1(063)  |v 3 
702 1 |a Кузнецов  |b Г. В.  |c специалист в области теплоэнергетики  |c профессор Томского политехнического университета, доктор физико-математических наук  |f 1949-  |g Гений Владимирович  |3 (RuTPU)RU\TPU\pers\25528  |4 340  |9 11458 
702 1 |a Борисов  |b Б. В.  |c специалист в области теплотехники  |c профессор Томского политехнического университета, доктор физико-математических наук  |f 1954-  |g Борис Владимирович  |3 (RuTPU)RU\TPU\pers\27008  |4 340  |9 12593 
702 1 |a Логинов  |b В. С.  |c специалист в области теплотехники  |c профессор Томского политехнического университета, доктор физико-математических наук  |f 1942-  |g Владимир Степанович  |3 (RuTPU)RU\TPU\pers\22705  |4 340 
702 1 |a Бульба  |b Е. Е.  |c специалист в области теплотехники  |c доцент Томского политехнического университета, кандидат технических наук  |f 1969-  |g Елена Евгеньевна  |3 (RuTPU)RU\TPU\pers\28122  |4 340  |9 13080 
712 1 2 |a Теплофизические основы энергетических технологий  |c конференция  |d 5  |e Томск  |f 2014 
712 0 2 |a Национальный исследовательский Томский политехнический университет (ТПУ)  |b Энергетический институт (ЭНИН)  |3 (RuTPU)RU\TPU\col\16913 
801 1 |a RU  |b 63413507  |c 20090630  |g PSBO 
801 2 |a RU  |b 63413507  |c 20210316  |g PSBO 
856 4 |u http://earchive.tpu.ru/handle/11683/23302 
856 4 |u http://www.lib.tpu.ru/fulltext/c/2014/C02/C02.pdf 
942 |c BK